| 000 | 01534nam0a2200373 4500 | ||
|---|---|---|---|
| 001 | RU\NLR\bibl\430369 | ||
| 005 | 20260406045554.0 | ||
| 010 |
_a5-88313-327-4 _9200 |
||
| 021 |
_aRU _b2003-40107 _91904 |
||
| 035 | _a(NLR Aleph) 000424230 | ||
| 090 |
_a714214 _c714214 |
||
| 100 | _a20030821d2003 |||y0rusy50 ca | ||
| 101 | 0 | _arus | |
| 102 | _aRU | ||
| 105 | _ay ||||||||| | ||
| 200 | 1 |
_aПроблемы фольклорной диалектологии _fБобунова М.А., Праведников С.П., Хроленко А.Т. _gКур. гос. ун-т |
|
| 210 |
_aКурск _cИзд-во КГПУ _d2003 |
||
| 215 |
_a72 с. _d20 |
||
| 300 | _aНа обороте тит. л. 3-й авт.: Хроленко А.Т., д.филол.н., проф. | ||
| 320 | _aБиблиогр.: с. 64-69 | ||
| 606 | 1 |
_aРусский язык _xДиалектология _91535151 _3RU\NLR\AUTH\66970140 |
|
| 606 | 1 |
_aРусский фольклор _xЯзык и стиль _91234425 _3RU\NLR\AUTH\66185972 |
|
| 686 | _aШ141.12-5 | ||
| 686 | _aШ3(2=1Р)-357 | ||
| 700 | 1 |
_aБобунова _bМ. А. _gМария Александровна _4070 |
|
| 701 | 1 |
_aПраведников _bС. П. _gСергей Павлович _4070 |
|
| 701 | 1 |
_4070 _7ca _8rus _aХроленко _bА. Т. _f1938- _gАлександр Тимофеевич _9115198 _3RU\NLR\auth\775231 |
|
| 801 | 0 |
_aRU _bNLR _c20030821 _gPSBO |
|
| 801 | 1 |
_aRU _bNLR _c20030821 |
|
| 942 | _cBOOK | ||
| 980 | _aNB | ||
| 980 | _aNBR | ||